PALESTRA DEL CLERO (Record n. 205572)

Dettagli MARC
000 -LEADER
fixed length control field 00719nas a2200205Ia 4500
001 - CONTROL NUMBER
control field 250/R04
003 - CONTROL NUMBER IDENTIFIER
control field IT-RoPAU
008 - FIXED-LENGTH DATA ELEMENTS--GENERAL INFORMATION
fixed length control field 151202c99999999xx |||||||||||| ||und||
040 ## - CATALOGING SOURCE
Original cataloging agency IT-RoPAU
040 ## - CATALOGING SOURCE
Transcribing agency IT-RoPAU
100 ## - MAIN ENTRY--PERSONAL NAME
Personal name AA.VV.
210 ## - ABBREVIATED TITLE
Abbreviated title PALESTRA DEL CLERO
222 ## - KEY TITLE
Key title PALESTRA DEL CLERO
245 ## - TITLE STATEMENT
Title PALESTRA DEL CLERO
260 ## - PUBLICATION, DISTRIBUTION, ETC. (IMPRINT)
Date of publication, distribution, etc. 1920
501 ## - WITH NOTE
-- Paulus - SPICS - Società San Paolo EM (non-commercial uses only)
-- Copyright 2015
500 ## - GENERAL NOTE
General note Alberto Brigo Editore G. Bruno, 15/B Rovigo 45100 37903 albertobrigo@tiscalinet.it la rivista chiusa ho lasciato tel per farmi avere il preventivo sugli arretrati
650 ## - SUBJECT ADDED ENTRY--TOPICAL TERM
Topical term or geographic name as entry element TEOLOGIA PASTORALE - LITURGIA
Form subdivision PUBBLICAZIONE PERIODICA
942 ## - ADDED ENTRY ELEMENTS (KOHA)
Koha item type RIVISTA
Dati di copia
Withdrawn status Lost status Damaged status Not for loan Home library Current library Date acquired Total Checkouts Full call number Date last seen Price effective from Koha item type Public note
    Buone Condizioni Not For Loan PAULUS-BIBLIOTECA PAULUS-BIBLIOTECA 02/12/2015   250/R04 02/12/2015 02/12/2015 RIVISTA dal 1920 al 2003 mancano annate 1944-45-46-50-51 - [Scaffale: 220-2 / Piano: A1]
CREDITS: SOCIETA' SAN PAOLO Via A.Severo, 58 - ROMA (RM) & PERIODICI SAN PAOLO SRL Via Giotto, 36 MILANO & CISF Via Giotto, 36 MILANO & EDIZIONI SAN PAOLO SRL,  Piazza Soncino, 5 CINISELLO BALSAMO (MI) -- ITALY